000 00269nam a2200121 a 4500
005 20140414093829.0
008 970101s19uu xx 00 eng d
050 _aVHS 800
_bR 40
245 _aSchindler's list.
440 _aVol. 1
942 _cAVM
999 _c108604
_d108604